000
00346nam a2200157Ia 4500
003
OSt
005
20240210094510.0
008
170524s9999 xx 000 0 und d
020
_a
978-0198077091
040
_c
IIMT UNIVERSITY
100
_a
KUMAR DINESH
100
_c
2012
245
0
_a
MARKETING CHANNELS
260
_a
OXFORD
942
_2
ddc
_c
01
999
_c
2775
_d
2775